000 01110nam a22002537a 4500
001 BD-DhSAU 8571
003 BD-DhSAU
005 20181223155338.0
008 150612b2009 bg a|||| m||| 00| 0 eng d
040 _aBD-DhSAU
082 _222
_a..
_b..
100 _aSyed, Abu
_eRegistration # 07-02647
245 _aGenetic variability and character association in chick pea (cicer arietinum L.) /
_bMS thesis
_cAbu Syed
260 _aSher-e-Bangla Agricultural University :
_bDepartment of Genetics & Plant Breeding,
_c2009.
300 _axv, 93 p. :
_bill. ;
_c29 cm.
500 _aMS thesis of Department of Genetics & Plant Breeding, Faculty of Agriculture, Sher-e-Bangla Agricultural University, Dhaka, Bangladesh
504 _aIncludes bibliographical reference.
590 _aJerin
650 _aGenetics & Plant Breeding
700 _aHossain, Sarowar
_eSuperviser
700 _aHossain, Sarowar
_eCo-superviser
856 _uhttp://archive.saulibrary.edu.bd:8080/xmlui/handle/123456789/751
942 _2ddc
_cTHESIS
999 _c8571
_d8571